skbl

Dr Suryya Kumar Bhuyan Library Web-OPAC
ডঃ সূৰ্য্য
কুমাৰ ভূঞা পুথিভঁৰাল ৱেব-অ'পেক

All Research Scholars are advised to clear the annual library fees to continue using Library Resources, Remote Access, Plagiarism Test and Library Clearance.

Cotton University Book Fair 2026

Katha Silpa Prasanga / (Record no. 4865)

MARC details
000 -LEADER
fixed length control field 00873nam a2200337Ia 4500
001 - CONTROL NUMBER
control field 4878
005 - DATE AND TIME OF LATEST TRANSACTION
control field 20240113233804.0
007 - PHYSICAL DESCRIPTION FIXED FIELD--GENERAL INFORMATION
fixed length control field ta
008 - FIXED-LENGTH DATA ELEMENTS--GENERAL INFORMATION
fixed length control field 050615s1994 g b000 u asm u
020 ## - INTERNATIONAL STANDARD BOOK NUMBER
Terms of availability Rs 50.00 (HB)
040 ## - CATALOGING SOURCE
Original cataloging agency Cotton College,Assam
041 ## - LANGUAGE CODE
Language code of text/sound track or separate title asm
082 ## - DEWEY DECIMAL CLASSIFICATION NUMBER
Classification number 891.41408
Item number Bh 469 Ka
100 ## - MAIN ENTRY--PERSONAL NAME
Personal name Bhattacharyya, Parag Kumar .
245 #0 - TITLE STATEMENT
Title Katha Silpa Prasanga /
Statement of responsibility, etc. Parag Kumar Bhattacharyya.
Medium Textual Documents
250 ## - EDITION STATEMENT
Edition statement 1st ed. /
260 ## - PUBLICATION, DISTRIBUTION, ETC.
Place of publication, distribution, etc. Guwahati :
Name of publisher, distributor, etc. Granthapeeth ,
Date of publication, distribution, etc. 1994.
300 ## - PHYSICAL DESCRIPTION
Extent 210p. ;
Dimensions 22cm.
365 ## - TRADE PRICE
Price type code Rs 50.00
653 ## - INDEX TERM--UNCONTROLLED
Uncontrolled term Assamese Essay-Collections
653 ## - INDEX TERM--UNCONTROLLED
Uncontrolled term MS-Assamese
653 ## - INDEX TERM--UNCONTROLLED
Uncontrolled term PG-Assamese
653 ## - INDEX TERM--UNCONTROLLED
Uncontrolled term T/G-Assamese
942 ## - ADDED ENTRY ELEMENTS (KOHA)
Source of classification or shelving scheme Dewey Decimal Classification
Koha item type Books
Holdings
Withdrawn status Lost status Damaged status Not for loan Collection Home library Current library Date acquired Coded location qualifier Cost, normal purchase price Total checkouts Full call number Barcode Date last seen Copy number Price effective from Koha item type
          Dr. Suryya Kumar Bhuyan Library Dr. Suryya Kumar Bhuyan Library 01/02/2012 00000 50.00   891.41408 Bh 469 Ka 3800/As 13/01/2024 5 01/02/2012 Books
          Dr. Suryya Kumar Bhuyan Library Dr. Suryya Kumar Bhuyan Library 01/02/2012 00000 50.00   891.41408 Bh 469 Ka 1730/As 13/01/2024 1 01/02/2012 Books
          Dr. Suryya Kumar Bhuyan Library Dr. Suryya Kumar Bhuyan Library 01/02/2012 00000 50.00   891.41408 Bh 469 Ka 3797/As 13/01/2024 2 01/02/2012 Books
          Dr. Suryya Kumar Bhuyan Library Dr. Suryya Kumar Bhuyan Library 01/02/2012 00000 50.00   891.41408 Bh 469 Ka 3798/As 13/01/2024 3 01/02/2012 Books
          Dr. Suryya Kumar Bhuyan Library Dr. Suryya Kumar Bhuyan Library 01/02/2012 00000 50.00   891.41408 Bh 469 Ka 3799/As 13/01/2024 4 01/02/2012 Books

Designed and Maintained by Team SKBL
©1901-2026

Powered by Koha